แสดงรายละเอียดบรรณานุกรม
  กลับหน้าหลัก

Brief Record : Get Marc (ISO 2709) : E-mail record : QR code ปิดหน้าต่าง
E-books : เกี่ยวกับ Collections
LEADER 00000nam 2200000uu 4500
001    211683
003     ULIBM
008    170717s||||||||th 000 0 tha d
020    ^a9789740335504
060 04 ^aWD200.5.H8^bว663ภ 2559
100 0  ^aวิมล พันธุเวทย์
245 10 ^aภาวะไขมันในเลือดผิดปกติ =^bDyslipidemia /^cวิมล พันธุเวทย์
246 31 ^aDyslipidemia
250    ^aพิมพ์ครั้งที่ 1
260    ^aกรุงเทพฯ :^bสำนักพิมพ์แห่งจุฬาลงกรณ์มหาวิทยาลัย,^c2559, [2016]
300    ^a236, [2] หน้า :^bภาพประกอบ ;^c26 ซม.
650  2 ^aCholesterol
650  2 ^aLipoproteins
650  2 ^aDyslipidemias
650  4 ^aโคเลสเตอรอล^xความผิดปกติ
650  4 ^aโคเลสเตอรอล
650  4 ^aไลโปโปรตีน
856    ^zภาวะไขมันในเลือดผิดปกติ.pdf (สารบัญหนังสือ)^uhttp://122.155.223.194/ULIB62015//_fulltext/5/211683/20170723085959_961.pdf
999    ^aใช้งานได้ทุกระบบ
รายการนี้ยังไม่มีแท็ก
คุณยังไม่ได้ล็อกอิน คุณสามารถมีกิจกรรมร่วมกับเว็บไซต์ได้ แต่ต้องล็อกอินก่อน ::
  ล็อกอิน
ลำดับที่ ประเภท เลขเรียก สถานที่ สถานะ
1. การพยาบาล (ตำราหลัก)
การพยาบาล (ตำราหลัก)
WD200.5.H8 ว663ภ 2559 ฉ.1 
  
การพยาบาลผู้ใหญ่ On Shelf
  ขอยืม
Note:จัดซื้อปีงบ 60
2. การพยาบาล (ตำราหลัก)
การพยาบาล (ตำราหลัก)
WD200.5.H8 ว663ภ 2559 ฉ.2 
  
การพยาบาลผู้ใหญ่ On Shelf
  ขอยืม
Note:จัดซื้อปีงบ 60
   [แสดง 2/2 รายการ]

BibComment


ยังไม่เคยถูกคอมเมนท์

คอมเมนท์ทรัพยากรรายการนี้
  คอมเมนท์: ภาวะไขมันในเลือด..
Bib 211683

 
 
 

 Union Library Management : ULibM
Copyright 2026. All Rights Reserved.
скачать бесплатно без регистрации порно красивый секс HD Sex Hindi sex

xxx gou

xxxx

bfxxx

xxxwww

Секса Видео

xxxx

Секса Видео

detube

geilexxx

C99 Shell

worms shell

blod xxx video
Ebony Coed Rihanna Rimes Takes A Dick In Her Young Twat priyaa indian fuck anal and pusssy hardcore indian women xxx desi hardcore fucking part 1 bengalixxxcouple